Slogan to Logo Match - Beverages Quiz Stats

 Plays Quiz Updated Oct 16, 2016

Challenge
Share
Tweet
Score 0/20 Timer 05:00
0 Plays Today
% Correct
Red Bull
87.5%
Johnnie Walker
86.8%
Monster
83%
Foster's
81.9%
Mountain Dew
79.3%
Budweiser
77.6%
Rockstar
67.5%
V8
66%
POWERADE
62.6%
Gatorade
56.8%
% Correct
Sprite
56.3%
Pepsi
46.9%
Coca-Cola
46.1%
Guinness
42.1%
Carlsberg
42%
Dr Pepper
38.8%
Evian
36.8%
Twinings
36.5%
Corona
32.9%
Heineken
32%

You're not logged in!

Compare scores with friends on all Sporcle quizzes.
OR
Log In

You Might Also Like...

Show Comments

Extras

Top Quizzes Today


Score Distribution

Your Account Isn't Verified!

In order to create a playlist on Sporcle, you need to verify the email address you used during registration. Go to your Sporcle Settings to finish the process.

Report this User

Report this user for behavior that violates our Community Guidelines.

Details: